| 000 | 00446cam a22001457a 4500 | ||
|---|---|---|---|
| 008 | 180718b1993 xxu||||| |||| 00| 0 eng d | ||
| 082 | _aAPPPA 1992-93 KHA | ||
| 100 | _aKhattar, G.C. | ||
| 245 |
_aWelfare measures for construction workers _cby G.C. Khattar |
||
| 260 |
_aNew Delhi _bIndian Institute of Public Administration _c1993 |
||
| 300 | _a116p. | ||
| 650 | _aLabour welfare | ||
| 650 | _aConstruction workers | ||
| 650 | _aWelfare measures | ||
| 999 |
_c501606 _d501606 |
||